00849nam a2200229 a 4500003000400000005001700004008003500021040002200056082002300078100003200101245004700133260005100180300002100231590002600252600003700278651006300315710005100378910004100429942001200470952012000482999001700602Ost20230719094729.0190322s1977 dr r 000 0 spa d aBPMSUbspacBPMSU 4a987.04bB742B 2221 aBosch, Juan, d1909-20019110aBolívar y la guerra social /cJuan Bosch aSanto Domingo :bEditora Alfa y Omegac1977b  a201 p. ;c20 cm. 6Inventariado, 2023/VM 4aBolívar, Simón, d1783-1830  4aVenezuela xHistoriayGuerra de Independencia, 1810-1823 2 aMinisterio de Cultura (República Dominicana) aVMateo V. Control de calidad. BPMSU  2ddccBK 00102ddc40708CDaBPMETbBPMETd2023-07-19l0oBPMSU CD 987.04 B742B pBPMSU23070042r2023-07-19w2023-07-19yBK c14430d14430